Ciencias Sociales en América Latina y el Caribe 2001-2001 /

Gorde:
Xehetasun bibliografikoak
Egile korporatiboa: CLACSO, Asdi
Formatua: Texto
Argitaratua: Buenos Aires: CENEDIC. CLACSO
Gaiak:
Etiketak: Etiketa erantsi
Etiketarik gabe, Izan zaitez lehena erregistro honi etiketa jartzen!

MARC

LEADER 00000 a a2200000 04500
001 29839
003
040
020 |a 950-9231-82-7  
090 |a 194103  |b RECURSO ELECTRONICO  
110 |a CLACSO  
245 |a Ciencias Sociales en América Latina y el Caribe 2001-2001 /  |c CLACSO  
260 |a Buenos Aires:   |b CENEDIC. CLACSO  
500 |a También impreso No. de acceso 14930Debe ser instaladoTambién impreso No. de acceso 14930Debe ser instalado  
650 |a MUJERES  
650 |a POBLACION INDIGENA  
650 |a TRABAJO DOMESTICO  
650 |a PERU  
710 |a Asdi  
999 |c 16362  |d 16362